000 01240cam a2200313 i 4500
999 _c9543
_d9543
001 18805689
003 GBCCL
005 20241126110714.0
008 151005s2016 miu b 001 0 eng
010 _a 2015037180
020 _a9780801049767 (pbk.)
040 _aDLC
_beng
_cDLC
_erda
_dDLC
042 _apcc
050 0 0 _aBS680.C47
_bA66 2016
082 0 0 _a227.06
_223
_bAPO
245 0 4 _aThe Apostle Paul and the Christian life :
_bethical and missional implications of the new perspective /
_cedited by Scot McKnight and Joseph B. Modica.
264 1 _aGrand Rapids, Michigan :
_bBaker Academic, a division of Baker Publishing Group,
_c[2016]
300 _axiv, 209 pages ;
_c23 cm
336 _atext
_btxt
_2rdacontent
337 _aunmediated
_bn
_2rdamedia
338 _avolume
_bnc
_2rdacarrier
504 _aIncludes bibliographical references and indexes.
630 0 0 _aBible.
_pEpistles of Paul
_xCriticism, interpretation, etc.
_92197
650 0 _aChristian life
_xBiblical teaching.
_91788
700 1 _aMcKnight, Scot,
_eeditor.
_94247
906 _a7
_bcbc
_corignew
_d1
_eecip
_f20
_gy-gencatlg
942 _2ddc
_cBK